Подробности
| 000 -МАРКЕР |
| контрольное поле |
01954nam0a22003491 4500 |
| 001 - ИДЕНТИФИКАТОР ЗАПИСИ |
| контрольное поле |
rc\3034260 |
| 005 - ИДЕНТИФИКАТОР ВЕРСИИ |
| контрольное поле |
20111003162841.2 |
| 035 ## - ДРУГИЕ СИСТЕМНЫЕ НОМЕРА |
| Идентификатор записи |
(NLR Aleph) 007174977 |
| 100 ## - ДАННЫЕ ОБЩЕЙ ОБРАБОТКИ |
| Данные общей обработки |
20111003d1936 |||y0rusy50 ca |
| 101 0# - ЯЗЫК РЕСУРСА |
| Язык текста, звукозаписи и т.д. |
русский |
| 102 ## - СТРАНА ПУБЛИКАЦИИ ИЛИ ПРОИЗВОДСТВА |
| Страна публикации |
Российская Федерация |
| 105 ## - ПОЛЕ КОДИРОВАННЫХ ДАННЫХ: ТЕКСТОВЫЕ МАТЕРИАЛЫ, МОНОГРАФИЧЕСКИЕ |
| Кодированные данные о монографическом текстовом документе |
a z ||||| |
| 200 1# - ЗАГЛАВИЕ И СВЕДЕНИЯ ОБ ОТВЕТСТВЕННОСТИ |
| Основное заглавие |
Строительство детских воспитательно-образовательных учреждений (детских садов и школ) в совхозах |
| Первые сведения об ответственности |
Б.И. Айзенштат, В.К. Варищев, К.Н. Попов, И.Л. Фрейдгейм, В.И. Шютте |
| Последующие сведения об ответственности |
Редколлегия: Ивановский П.М., В.Н. Скосырев, Варищев В.К. и Самарина-Вассерман А.М. |
| -- |
Гос. центр. изуч.-иссл. ин-т охраны здоровья детей и подростков НКЗ РСФСР |
| 210 ## - ПУБЛИКАЦИЯ, РАСПРОСТРАНЕНИЕ И ДР. |
| Место издания, распространения и т.д. |
Москва |
| -- |
Ленинград |
| Имя издателя, распространителя и т. д. |
Биомедгиз |
| Дата издания, распространения и т.д. |
1936 |
| Имя изготовителя |
1 тип. Изд. Ленингр. облисполкома и Совета |
| 215 ## - ФИЗИЧЕСКАЯ ХАРАКТЕРИСТИКА |
| Специфическое обозначение материала и объем |
Обл., 158, [2] с. |
| Другие сведения о физической характеристике |
диагр., схем. |
| Размеры |
20×15 см |
| 701 #1 - ИМЯ ЛИЦА - АЛЬТЕРНАТИВНАЯ ОТВЕТСТВЕННОСТЬ |
| Начальный элемент ввода |
Айзенштат |
| Часть имени, кроме начального элемента ввода |
Б. И. |
| Расширение инициалов личного имени |
Борис Иосифович |
| 701 #1 - ИМЯ ЛИЦА - АЛЬТЕРНАТИВНАЯ ОТВЕТСТВЕННОСТЬ |
| Начальный элемент ввода |
Варищев |
| Часть имени, кроме начального элемента ввода |
В. К. |
| 701 #1 - ИМЯ ЛИЦА - АЛЬТЕРНАТИВНАЯ ОТВЕТСТВЕННОСТЬ |
| Начальный элемент ввода |
Попов |
| Часть имени, кроме начального элемента ввода |
К. Н. |
| 701 #1 - ИМЯ ЛИЦА - АЛЬТЕРНАТИВНАЯ ОТВЕТСТВЕННОСТЬ |
| Начальный элемент ввода |
Фрейдгейм |
| Часть имени, кроме начального элемента ввода |
И. Л. |
| 701 #1 - ИМЯ ЛИЦА - АЛЬТЕРНАТИВНАЯ ОТВЕТСТВЕННОСТЬ |
| Начальный элемент ввода |
Шютте |
| Часть имени, кроме начального элемента ввода |
В. И. |
| 702 #1 - ИМЯ ЛИЦА - ВТОРИЧНАЯ ОТВЕТСТВЕННОСТЬ |
| Начальный элемент ввода |
Скосырев |
| Часть имени, кроме начального элемента ввода |
В. Н. |
| Код отношения |
Редактор |
| 702 #1 - ИМЯ ЛИЦА - ВТОРИЧНАЯ ОТВЕТСТВЕННОСТЬ |
| Начальный элемент ввода |
Варищев |
| Часть имени, кроме начального элемента ввода |
В. К. |
| Код отношения |
Редактор |
| 702 #1 - ИМЯ ЛИЦА - ВТОРИЧНАЯ ОТВЕТСТВЕННОСТЬ |
| Начальный элемент ввода |
Самарина-Вассерман |
| Часть имени, кроме начального элемента ввода |
А. М. |
| Код отношения |
Редактор |
| 702 #1 - ИМЯ ЛИЦА - ВТОРИЧНАЯ ОТВЕТСТВЕННОСТЬ |
| Начальный элемент ввода |
Шурпе |
| Часть имени, кроме начального элемента ввода |
Э. Ю. |
| Расширение инициалов личного имени |
Эдуард Юрьевич |
| Код отношения |
Редактор |
| 702 #1 - ИМЯ ЛИЦА - ВТОРИЧНАЯ ОТВЕТСТВЕННОСТЬ |
| Начальный элемент ввода |
Ивановский |
| Часть имени, кроме начального элемента ввода |
П. М. |
| Код отношения |
Редактор |
| 712 02 - НАИМЕНОВАНИЕ ОРГАНИЗАЦИИ - ВТОРИЧНАЯ ОТВЕТСТВЕННОСТЬ |
| Начальный элемент ввода |
Государственный Центральный научно-исследовательский институт охраны здоровья детей и подростков |
| Идентифицирующий признак |
Москва |
| Код отношения |
Прочие |
| 801 #0 - ИСТОЧНИК ЗАПИСИ |
| Страна |
Российская Федерация |
| Организация |
NLR |
| Правила каталогизации |
psbo |
| 801 #1 - ИСТОЧНИК ЗАПИСИ |
| Страна |
Российская Федерация |
| Организация |
ELAR |
| Источник данных |
rusmarc |
| 852 ## - МЕСТОНАХОЖДЕНИЕ И ШИФР ХРАНЕНИЯ |
| Идентификатор организации |
NLR |
| Шифр хранения (Call Number) |
36-8/574 |
| 942 ## - ДОПОЛНИТЕЛЬНЫЕ ЭЛЕМЕНТЫ ЗАПИСИ (АБИС) |
| Тип экземпляра АБИС |
Книга |
| 980 ## - КОЛЛЕКЦИЯ |
| Название коллекции |
Национальная библиография |